Hampshire, Dorset and south Wiltshire (Record no. 77371)

MARC details
000 -LEADER
fixed length control field 00973cab a2200277 4500
001 - CONTROL NUMBER
control field ##L134100
008 - FIXED-LENGTH DATA ELEMENTS--GENERAL INFORMATION
fixed length control field 060710n2006 000 0 eng u
035 ## - SYSTEM CONTROL NUMBER
System control number (Sirsi) u134100
041 0# - LANGUAGE CODE
Language code of text/sound track or separate title eng
100 1# - MAIN ENTRY--PERSONAL NAME
Personal name Hipwell, Deirdre
245 00 - TITLE STATEMENT
Title Hampshire, Dorset and south Wiltshire
Remainder of title regional
260 ## - PUBLICATION, DISTRIBUTION, ETC.
Date of publication, distribution, etc. 2006
490 #0 - SERIES STATEMENT
Series statement Property Week
Volume/sequential designation 71(27) 7 July 2006, 67-77(6)
520 ## - SUMMARY, ETC.
Summary, etc. Reports on retail development in Portsmouth, with the replacement of the infamous Tricorn shopping centre, and the retail prospects for Southsea; a master-plan to regenerate four key sites in Salisbury; and speculative office development on the M27 corridor.
590 ## - LOCAL NOTE (RLIN)
Local note IKA180706
651 #4 - SUBJECT ADDED ENTRY--GEOGRAPHIC NAME
Geographic name HAMPSHIRE
651 #4 - SUBJECT ADDED ENTRY--GEOGRAPHIC NAME
Geographic name DORSET
651 #4 - SUBJECT ADDED ENTRY--GEOGRAPHIC NAME
Geographic name SOUTH WILTSHIRE
651 #4 - SUBJECT ADDED ENTRY--GEOGRAPHIC NAME
Geographic name PORTSMOUTH
651 #4 - SUBJECT ADDED ENTRY--GEOGRAPHIC NAME
Geographic name SOUTHSEA
651 #4 - SUBJECT ADDED ENTRY--GEOGRAPHIC NAME
Geographic name SALISBURY
651 #4 - SUBJECT ADDED ENTRY--GEOGRAPHIC NAME
Geographic name M27 CORRIDOR
690 ## - LOCAL SUBJECT ADDED ENTRY--TOPICAL TERM (OCLC, RLIN)
Topical term or geographic name as entry element PROPERTY-COMMERCIAL PROPERTY-COMMERCIAL PROPERTY DEVELOPMENT
700 1# - ADDED ENTRY--PERSONAL NAME
Personal name Horne, Gemma
942 ## - ADDED ENTRY ELEMENTS (KOHA)
Suppress in OPAC 0
Holdings
Withdrawn status Lost status Source of classification or shelving scheme Damaged status Not for loan Home library Current library Shelving location Date acquired Total Checkouts Full call number Barcode Date last seen Copy number Price effective from Koha item type
    Dewey Decimal Classification     London London Journal article 10/07/2006   L134100 134100-1001 06/08/2019 1 06/08/2019 Journal article